| 000 | 00427nam a2200133 4500 | ||
|---|---|---|---|
| 008 | 021213s1968 us eng | ||
| 090 |
_aBS2520 _b.P55 _bM28 |
||
| 100 | 1 | _aMaier, Paul L. | |
| 245 | 1 | 0 |
_aPontius Pilate / _cPaul L. Maier. |
| 260 |
_aIllinois : _bTyndale House, _cc1968. |
||
| 300 | _a370 p. | ||
| 650 | 4 |
_aBible _xBiography _xPontius Pilate. |
|
| 951 |
_p4314 _x00002944 _oBS2520/.P55/M28 _j070613111158437 _d2000-12-21 _cGC |
||
| 999 |
_c13526 _d13526 |
||